| 000 | 00929cam a22002895a 4500 | ||
|---|---|---|---|
| 001 | 013590872 | ||
| 003 | OSt | ||
| 005 | 20201128024353.0 | ||
| 008 | 061101t2007 nyua frb 000 0 eng d | ||
| 020 | _a0321452917 | ||
| 020 | _a9780321452917 | ||
| 040 |
_aUk _beng _cUk _dEG-ScBUE |
||
| 082 | 0 | 4 |
_222 _a327.1 _bART |
| 100 | 1 |
_aArt, Robert J. _938531 |
|
| 245 | 1 | 0 |
_aInternational politics : _benduring concepts and contemporary issues / _cRobert J. Art, Robert Jervis. |
| 250 | _a8th ed., Pearson international ed. | ||
| 260 |
_aNew York ; _aLondon : _bPearson Education, _cc.2007. |
||
| 300 |
_axiv, 586 p. : _bill. ; _c24 cm. |
||
| 504 | _aIncludes bibliographical references. | ||
| 650 | 7 |
_aInternational relations. _2BUEsh _91135 |
|
| 650 | 7 |
_aWorld politics _y1989- _2BUEsh |
|
| 650 | 7 |
_aGlobalization. _2BUEsh _92820 |
|
| 651 | _2BUEsh | ||
| 653 |
_bBUSBOL _cJune2018 |
||
| 700 | 1 |
_aJervis, Robert, _d1940- |
|
| 942 | _2ddc | ||
| 999 |
_c26798 _d26770 |
||